| 000 | 00575nam a2200205Ia 4500 | ||
|---|---|---|---|
| 003 | OSt | ||
| 005 | 20230320103909.0 | ||
| 008 | 210423s2006 xx 000 0 und d | ||
| 040 | _cAL | ||
| 041 | _aeng | ||
| 082 |
_a541.3 _bMCQD _223 |
||
| 100 |
_aMCQUARRIE (Donald A);SIMON (John D). _949449 |
||
| 245 | _aPhysical chemistry: a molecular approach. | ||
| 260 |
_aNew Delhi _bViva Books Pvt Ltd _c2006 |
||
| 300 | _axxi,1270 | ||
| 365 |
_b395 _cINR |
||
| 650 |
_aPhysical Chemistry _949450 |
||
| 906 | _aapproach. ; chemistry: ; molecular ; Physical | ||
| 942 |
_2ddc _cBK |
||
| 999 |
_c153801 _d153801 |
||